Name a Religion for Every Letter - Statistics

General Stats
  • This quiz has been taken 57 times
  • The average score is 8 of 26
Answer Stats
P Answer % Correct
B Buddhism
93%
C Christianity
93%
I Islam
83%
J Judaism
78%
H Hinduism
67%
S Shinto
65%
A Atheism
52%
Z Zoroastrianism
46%
T Taoism
39%
D Daoism
33%
W Wahabbism
28%
M Methodism
26%
P Protestantism
26%
O Oriental Orthodoxy
22%
Q Quakers
20%
L Lutheranism
17%
E Eastern Orthodox
11%
F Folk Religion
9%
U Unitarian Universalism
9%
Y Yazidism
9%
R Roman Catholicism
7%
G Gnosticism
4%
V Vaishnavism
4%
X Xian
4%
K Kimbanguism
0%
N Nichiren Buddhism
0%
No matching quizzes found
Score Distribution
Percent of People with Each Score
Percentile by Number Answered
Your Score History
You have not taken this quiz